Wii supported languages - Statistics

General Stats
  • This quiz has been taken 60 times
  • The average score is 11 of 13
Answer Stats
Languages % Correct
English (United Kingdom)
100%
English (United States0
100%
Spanish
96%
Spanish (Latin America)
96%
Japanese
92%
Chinese (simplified)
90%
Chinese (traditional)
90%
French (Canada)
88%
French (France)
88%
German
88%
Italian
80%
Korean
73%
Dutch
65%
No matching quizzes found
Score Distribution
Percent of People with Each Score
Percentile by Number Answered
Your Score History
You have not taken this quiz